000 00437nam a2200181Ia 4500
008 230524s9999 xx 000 0 und d
020 _a9971513919
082 _a5.743
_bBAR
100 _aAlan Dennis
245 0 _aSystems Analysis and Design
250 _a1ST
260 _aNEW DELHI
_bJohn Wiley
_c2002
300 _aXI;516
500 _aQuantity Number: 2
650 _aComp-Sc
700 _a Barbara Haley Wixom
942 _cBK
999 _c24606
_d24606